IFM Opac

Innovation and productivity under nationalisation (Record no. 14032)

MARC details
000 -LEADER
fixed length control field 00326nam a22001337a 4500
020 ## - INTERNATIONAL STANDARD BOOK NUMBER
International Standard Book Number 0046000038
082 ## - DEWEY DECIMAL CLASSIFICATION NUMBER
Classification number 338.06 HAR
100 ## - MAIN ENTRY--PERSONAL NAME
Personal name Harlow, Cris
245 ## - TITLE STATEMENT
Title Innovation and productivity under nationalisation
260 ## - PUBLICATION, DISTRIBUTION, ETC.
Place of publication, distribution, etc. London
Name of publisher, distributor, etc. George Allen
Date of publication, distribution, etc. 1977
300 ## - PHYSICAL DESCRIPTION
Extent 256p.
Other physical details 24cm.
500 ## - GENERAL NOTE
General note Include index
942 ## - ADDED ENTRY ELEMENTS (KOHA)
Koha item type Books
Holdings
Withdrawn status Lost status Source of classification or shelving scheme Damaged status Not for loan Home library Current library Shelving location Date acquired Full call number Barcode Date last seen Price effective from Koha item type
    Dewey Decimal Classification     IFM Main Campus Library IFM Main Campus Library   11/14/2015 338.06 HAR 0000005692 11/14/2015 11/14/2015 Books